| 000 | 00426nam a22001457a 4500 | ||
|---|---|---|---|
| 020 | _a978-623-8376-68-1 | ||
| 084 | _a173-0323 GUN His Bo.1 | ||
| 100 | _aI Ketut Gunawan | ||
| 245 | _aEtnisitas dan Potensi Konflik di Ibu Kota Nusantara | ||
| 250 | _aKe-1 | ||
| 260 |
_aSamarinda _bMulawarman University Press _c2025 |
||
| 300 | _ai-xii + 134 hlm | ||
| 650 |
_aHistory (Sejarah) _eH-I-S _vSejarah Perjalanan IKN |
||
| 942 | _cBK | ||
| 999 |
_c25500 _d25491 |
||